Stanovenie síry technikou HR-CS-MAS

Uložené v:
Podrobná bibliografia
Hlavný autor: Olejár, Samuel (Autor)
Ďalší autori: Čacho, František (Vedúci práce)
Médium: Rukopis Kniha
Jazyk:Slovak
Vydavateľské údaje: 2024
Predmet:
On-line prístup:http://is.stuba.sk/zp/portal_zp.pl?podrobnosti=186035
Tagy: Pridať tag
Žiadne tagy, Buďte prvý, kto otaguje tento záznam!

MARC

LEADER 00000ntm a22000003a 4500
001 stuzp99283
003 SK-STU
005 20240601210556.3
007 ta
008 150427s2015----xo-----f-mn---000-0-slo-d
040 |a STU  |b slo 
041 0 |a slo 
100 1 |a Olejár, Samuel  |u 041000  |k Z4  |4 aut  |U FCHPT Fakulta chemickej a potravinárskej technológie  |T FCHPT Ústav analytickej chémie  |X 97517  |U C1000  |Y 99  |7 97517 
242 0 1 |a Determination of sulfur by HR-CS-MAS  |y eng 
245 1 0 |a Stanovenie síry technikou HR-CS-MAS 
260 |c 2024 
650 4 |a síra  |2 slo 
650 4 |a zlúčeniny síry  |2 slo 
650 4 |a molekula SH a CS  |2 slo 
650 4 |a HR-CS MAS  |2 slo 
650 4 |a sulfur  |2 eng 
650 4 |a sulfur compounds  |2 eng 
650 4 |a SH and CS molecules  |2 eng 
650 4 |a HR-CS MAS  |2 eng 
700 1 |a Čacho, František  |u 041000  |k Z1  |4 ths  |U FCHPT Fakulta chemickej a potravinárskej technológie  |T FCHPT Ústav analytickej chémie  |X 19738  |U C1000  |Y 99  |7 A0000019738 
856 4 |u http://is.stuba.sk/zp/portal_zp.pl?podrobnosti=186035